| 000 | 00746cam a22002177a 4500 | ||
|---|---|---|---|
| 001 | 000202 | ||
| 003 | armpunfd | ||
| 005 | 20140612090602.0 | ||
| 008 | 011019s1981###xx#a##########000###und#d | ||
| 040 |
_aarmpunfd _carmpunfd |
||
| 080 | _a342.4(82) Z 18 | ||
| 100 | 1 | 0 | _a Zarini, Helio Juan |
| 245 | 1 | 0 | _aHistoria e instituciones en la argentina : epoca hispanica y su influencia en america, organizacion y gobierno indiano, nuestra evolucion constitucional, los go |
| 260 |
_a Buenos Aires : _b Astrea, _c1981. |
||
| 300 | _a381 p. | ||
| 650 | 7 |
_a Argentina _x Historia Constitucional _2LEMB |
|
| 650 | 7 |
_a Argentina _x Historia Politica _2LEMB |
|
| 650 | 7 |
_a Politica _x Historia _2LEMB |
|
| 942 |
_cLB _2cdu |
||
| 945 |
_aCatalis _d2010-08-19 |
||
| 999 |
_c200 _d230704 |
||